000 00451nam a2200169 a 4500
005 20140310183202.0
008 030127s19uu xx 00 eng d
020 _a0749419954
050 _aHD 58.82
_b.B73 1998
100 _aBraham, Barbara J.
245 _aCreating a learning organization /
_cBarbara J. Braham.
300 _a90 p. :
_c20 cm.
521 _aBSBA
650 _aOrganizational learning
942 _cBK
_2lcc
_kFOR
999 _c19896
_d19896